| 000 | 00672nam a2200193 i 4500 | ||
|---|---|---|---|
| 001 | 188035 | ||
| 003 | SpMaBN | ||
| 005 | 20250820122924.0 | ||
| 008 | 180413q1944 sp a |||| |aspa d | ||
| 080 | _a929 Carles, Domingo:75 | ||
| 100 | 1 |
_aCarles, Domingo. _9164613 |
|
| 245 | 1 | 0 |
_aMemorias de un pintor (1912-1930) / _cD. Carles ; prólogo por José Pla. |
| 260 |
_aBarcelona : _bBarna, _c[1944?] ( _fS.A.D.A.G.) |
||
| 300 |
_a240 p. : _bil. ; _c20 cm. |
||
| 600 | 1 | 4 |
_aCarles, Domingo. _9164613 |
| 700 | 1 |
_aPla, Josep, _d1897-1981 _9164614 |
|
| 852 |
_aES-MaACL _jL-31919 _z. - Donat. herederos de la bibl. de Mª del Pilar Costa Palacín |
||
| 999 |
_c188035 _d188035 |
||